00854nam a2200181 a 450000100100000000500170001000800410002702000180006804000250008624500770011126001060018830000210029459000250031595201050034095201050044595201050055099900170065500004759520201002060628.0180704s2017 dr 000 spa d a9789945168563 aDO-SdBNPbspacBNPHU 0aEstado de las migraciones que atañen a la República Dominicana 2016. aSanto Domingo :bCentro para la Observación Migraciones y el desarrollo Social en el Caribe,c2017. a302 p. ;c28 cm. aInventariado,2018/DG 0010718PDaGRbGRcHDd2018-07-04iLF1l0o p47595-30r2020-06-25w2020-06-25yLFPDZNo se presta 0010718PDaPDbPDcHDd2018-07-04iLF1l0o p47595-10r2020-06-25w2020-06-25yLFPDZNo se presta 0010718PDaPDbPDcHDd2018-07-04iLF1l0o p47595-20r2020-06-25w2020-06-25yLFPDZNo se presta c47083d47083